Online Catalogue and eLibrary

Baudda samaja palanaya ha aparada viddyawa (Record no. 877)

MARC details
000 -LEADER
fixed length control field 00449nam a2200157Ia 4500
005 - DATE AND TIME OF LATEST TRANSACTION
control field 20250514015449.0
008 - FIXED-LENGTH DATA ELEMENTS--GENERAL INFORMATION
fixed length control field 240331s9999 xx 000 0 und d
020 ## - INTERNATIONAL STANDARD BOOK NUMBER
ISBN 955200845X
082 ## - DDC Classification
Class No. 294
Item Number - Author Mark ABE
100 ## - MAIN ENTRY--PERSONAL NAME
Personal name Abeyasundara, P
245 #0 - TITLE STATEMENT
Title Baudda samaja palanaya ha aparada viddyawa
260 ## - PUBLICATION, DISTRIBUTION, ETC.
Place of publication, distribution, etc. Colombo
Name of publisher, distributor, etc. S. Godage & Brothers
Date of publication, distribution, etc. 1993
300 ## - PHYSICAL DESCRIPTION
Extent (e.g. Volumes, Pages etc.) 131 p .,
500 ## - GENERAL NOTE
General note A book on Buddhist Society planning & appearance of the world
942 ## - Koha item type (Biblio)
Koha item type Books in Stacks (Lending)
Holdings
Lost status Damaged status Collection code Home library Current library Shelving location Date acquired Full call number Accession Number Item type
    Lending WERC Library WERC Library Social Science Cupboard 03/31/2024 294 ABE 3114 Books in Stacks (Lending)

© WERC Library